000
00334nam a2200121Ia 4500
008
160609s9999 xx 000 0 und d
100
_a
Giannetti, Louis.
245
_a
Understanding Movies
245
_c
By:Louis Giannetti
260
_c
2013
650
_x
FILM APPRECIATION
856
_u
http://file.ebook777.com/012/9780205856169.pdf
999
_c
295761
_d
295761